[Event "Madrid-ch Previa B"]
[Site "Madrid ESP"]
[Date "2016.02.19"]
[Round "6.4"]
[White "Sirera Ripoll, Jose Luis"]
[Black "Serrano Garcia, Vicente"]
[Result "0-1"]
[WhiteElo "1807"]
[BlackElo "1826"]
[PlyCount "90"]
[EventDate "2016.02.04"]
[EventType "swiss"]
[EventRounds "9"]
[EventCountry "ESP"]
[Source "lmi"]
[SourceDate "2016.02.04"]

1. e4 e6 2. d4 d5 3. exd5 exd5 4. Nf3 Nc6 5. Bb5 Bg4 6. O-O Bd6 7. Re1+ Nge7 8.
Nbd2 O-O 9. c3 a6 10. Bd3 Bf5 11. Nf1 Qd7 12. Ng3 Bg6 13. Nh4 Bxd3 14. Qxd3 f5
15. f4 Rf6 16. Bd2 Raf8 17. Nf3 Rh6 18. Re2 Ng6 19. Ne5 Bxe5 20. dxe5 Qe6 21.
Rd1 b5 22. Rf2 Nge7 23. Ne2 Qg6 24. a4 Rd8 25. g3 Qg4 26. axb5 axb5 27. Be3 b4
28. Bc5 bxc3 29. Bxe7 Nxe7 30. Nxc3 Rb6 31. Nb5 Rxb5 32. Rc1 c6 33. Rxc6 Nxc6
34. Qxb5 Qd1+ 35. Kg2 Qc1 36. e6 Qc4 37. Qb7 Qe4+ 38. Kh3 Qxe6 39. Rc2 Na5 40.
Qc7 Ra8 41. Rc5 Qf7 42. Qb6 Nc4 43. Qc6 Re8 44. Kh4 Ne3 45. Qb5 Qf6+ 0-1

[Event "Madrid-ch Previa B"]
[Site "Madrid ESP"]
[Date "2016.02.19"]
[Round "6.5"]
[White "Cuellar Gutierrez, Raul"]
[Black "Tapia Sanchez, Jose Manuel"]
[Result "1-0"]
[WhiteElo "1797"]
[BlackElo "1699"]
[PlyCount "129"]
[EventDate "2016.02.04"]
[EventType "swiss"]
[EventRounds "9"]
[EventCountry "ESP"]
[Source "lmi"]
[SourceDate "2016.02.04"]

1. e4 e5 2. Nf3 Nc6 3. Bb5 a6 4. Ba4 Nf6 5. O-O b5 6. Bb3 Be7 7. d3 h6 8. Nc3
O-O 9. a3 d6 10. h3 Be6 11. Nd5 Nb8 12. Re1 c6 13. Nxe7+ Qxe7 14. c3 Bxb3 15.
Qxb3 Qe6 16. Qc2 Nbd7 17. d4 Rfe8 18. Nh4 d5 19. exd5 Qxd5 20. dxe5 Rxe5 21.
Rxe5 Qxe5 22. Be3 Re8 23. Rd1 Nd5 24. Nf3 Qe4 25. Qxe4 Rxe4 26. Bd2 N7f6 27.
Kf1 c5 28. Ne1 Kf8 29. Nd3 Nd7 30. Nc1 N5b6 31. Be3 Ke7 32. Nd3 Na4 33. Rd2 g5
34. Re2 Kd6 35. Bc1 f5 36. Rd2 Ke6 37. f3 Rh4 38. Kf2 f4 39. Rc2 Kf5 40. Bd2 h5
41. Be1 Nab6 42. Kg1 Nd5 43. Bxh4 Ne3 44. Re2 gxh4 45. Re1 a5 46. b3 c4 47.
bxc4 bxc4 48. Nf2 Nc5 49. Rb1 Nb3 50. Ne4 Ke5 51. Rb2 a4 52. Re2 Nc1 53. Rd2
Nd3 54. Nf2 Nc5 55. Rd8 Nd5 56. Re8+ Kf5 57. Ne4 Nd3 58. Ra8 Nb2 59. Ra5 Ke6
60. Nc5+ Kd6 61. Nxa4 Nxa4 62. Rxa4 Nxc3 63. Rxc4 Nb5 64. a4 Na3 65. Rxf4 1-0

[Event "Madrid-ch Previa B"]
[Site "Madrid ESP"]
[Date "2016.02.19"]
[Round "6.6"]
[White "Leniz Martinez, Francisco"]
[Black "Cruz Gonzalez, Antonio"]
[Result "1/2-1/2"]
[WhiteElo "1690"]
[BlackElo "1709"]
[PlyCount "72"]
[EventDate "2016.02.04"]
[EventType "swiss"]
[EventRounds "9"]
[EventCountry "ESP"]
[Source "lmi"]
[SourceDate "2016.02.04"]

1. e4 c5 2. Nf3 Nc6 3. Bb5 e5 4. c3 Nge7 5. O-O g6 6. d4 cxd4 7. cxd4 exd4 8.
Nxd4 Bg7 9. Nxc6 bxc6 10. Bc4 O-O 11. Nc3 Bb7 12. Bg5 h6 13. Be3 d5 14. exd5
cxd5 15. Bc5 d4 16. Ne2 Rc8 17. Bxe7 Qxe7 18. Bd3 h5 19. Qd2 Qc5 20. Kh1 Qd5
21. Rg1 Rfe8 22. a3 Kh7 23. Qb4 a5 24. Qb5 Qxb5 25. Bxb5 Re7 26. Bd3 Be4 27.
Bxe4 Rxe4 28. Nc1 Rc2 29. Nd3 Ree2 30. Rad1 Red2 31. Rgf1 Kg8 32. Kg1 Kf8 33.
Rfe1 Re2 34. Rxe2 Rxe2 35. Kf1 Re7 36. Rc1 Be5 1/2-1/2

[Event "Madrid-ch Previa B"]
[Site "Madrid ESP"]
[Date "2016.02.19"]
[Round "6.7"]
[White "Barragan Arriaza, Pablo"]
[Black "Sotoca Aguado, Jose"]
[Result "0-1"]
[WhiteElo "1616"]
[BlackElo "1928"]
[PlyCount "128"]
[EventDate "2016.02.04"]
[EventType "swiss"]
[EventRounds "9"]
[EventCountry "ESP"]
[Source "lmi"]
[SourceDate "2016.02.04"]

1. c4 Nf6 2. g3 e5 3. Bg2 Nc6 4. d3 Bb4+ 5. Bd2 Bxd2+ 6. Nxd2 O-O 7. Ngf3 d6 8.
O-O Bg4 9. h3 Bd7 10. Rc1 Qe7 11. e3 Rab8 12. a3 Bf5 13. e4 Bd7 14. Nh4 Nd4 15.
Ndf3 Nc6 16. Nd2 g6 17. b4 Nd4 18. Nhf3 Ne6 19. b5 Nc5 20. Nb3 Rbd8 21. Re1 Bc8
22. Qc2 Nfd7 23. d4 Nxb3 24. Qxb3 exd4 25. Nxd4 Nc5 26. Qc2 Qg5 27. Kh2 Rde8
28. f4 Qf6 29. Nb3 Ne6 30. Qc3 Qxc3 31. Rxc3 b6 32. Rce3 Rd8 33. f5 Ng7 34. g4
f6 35. Nd4 Rde8 36. a4 a5 37. Nc6 Bd7 38. Bf1 Bxc6 39. bxc6 Re5 40. Bg2 Rfe8
41. fxg6 hxg6 42. Kg3 f5 43. Kf2 fxg4 44. hxg4 Ne6 45. R1e2 Kg7 46. Rd2 Nc5 47.
Rd4 Nxa4 48. Ke2 Nc5 49. Kd2 Ne6 50. Rd5 Nf4 51. Rxe5 Rxe5 52. Bf3 Rc5 53. Kc3
b5 54. Kb2 Rxc4 55. e5 dxe5 56. Ka2 Kf6 57. g5+ Ke6 58. Be4 a4 59. Ka3 Nd5 60.
Re1 Rc3+ 61. Kb2 Rg3 62. Bxg6 Rxg5 63. Bd3 Rg2+ 64. Ka3 Rg3 0-1

[Event "Madrid-ch Previa B"]
[Site "Madrid ESP"]
[Date "2016.02.19"]
[Round "6.8"]
[White "Tronch Ilzarbe, Carlos Maria"]
[Black "Barragan Panal, Juan Jose"]
[Result "1-0"]
[WhiteElo "1744"]
[BlackElo "1681"]
[PlyCount "93"]
[EventDate "2016.02.04"]
[EventType "swiss"]
[EventRounds "9"]
[EventCountry "ESP"]
[Source "lmi"]
[SourceDate "2016.02.04"]

1. e4 c6 2. d4 d5 3. exd5 cxd5 4. Bd3 Nf6 5. c3 g6 6. Bf4 Bg7 7. Nd2 Nc6 8.
Ngf3 O-O 9. h3 Re8 10. O-O Nd7 11. Qb3 e5 12. Bg5 Bf6 13. Bxf6 Nxf6 14. dxe5
Nxe5 15. Nxe5 Rxe5 16. Nf3 Re7 17. Qb4 Qf8 18. Qf4 Qg7 19. Rfe1 Be6 20. Re2
Rae8 21. Rae1 a6 22. Bc2 Nh5 23. Qh4 Qf6 24. Qxf6 Nxf6 25. g4 Kf8 26. Kg2 Bd7
27. Rxe7 Rxe7 28. Rxe7 Kxe7 29. Nd4 Kd6 30. f3 Ke5 31. Kg3 Ne8 32. a4 Nd6 33.
b3 Kf6 34. Ne2 a5 35. Kf4 g5+ 36. Ke3 h5 37. Kd4 hxg4 38. hxg4 Bc6 39. Kc5 Ke5
40. Kb6 f5 41. gxf5 Nxf5 42. Bxf5 Kxf5 43. Kxa5 Ke5 44. Nd4 Bd7 45. Kb6 g4 46.
fxg4 Bxg4 47. Kxb7 1-0

[Event "Madrid-ch Previa B"]
[Site "Madrid ESP"]
[Date "2016.02.19"]
[Round "6.9"]
[White "Garcia Serrano, Jose M"]
[Black "Fernandez Estremera, Fernando"]
[Result "1/2-1/2"]
[WhiteElo "1917"]
[BlackElo "1589"]
[PlyCount "67"]
[EventDate "2016.02.04"]
[EventType "swiss"]
[EventRounds "9"]
[EventCountry "ESP"]
[Source "lmi"]
[SourceDate "2016.02.04"]

1. e4 c5 2. d4 cxd4 3. Nf3 e6 4. c3 dxc3 5. Nxc3 a6 6. Bc4 b5 7. Bb3 Bb7 8. O-O
b4 9. Nd5 exd5 10. exd5 d6 11. Re1+ Be7 12. Bg5 Nf6 13. Bxf6 gxf6 14. Nd4 Bc8
15. Ba4+ Kf8 16. Qh5 h6 17. Re3 Ra7 18. Rc1 Rc7 19. Rce1 Ra7 20. Rg3 Qa5 21.
Bb3 Qc5 22. Nf5 Bxf5 23. Qxf5 h5 24. Rh3 h4 25. Ba4 Rc7 26. Rhe3 Qa7 27. Re4 a5
28. Bd1 Rc1 29. h3 Na6 30. Kh2 Rc7 31. Rxe7 Rxe7 32. Qc8+ Kg7 33. Qg4+ Kf8 34.
Qc8+ 1/2-1/2

[Event "Madrid-ch Previa B"]
[Site "Madrid ESP"]
[Date "2016.02.19"]
[Round "6.10"]
[White "Morera Rodriguez, Ignacio"]
[Black "Alameda Arellano, Cristeto"]
[Result "1-0"]
[WhiteElo "1895"]
[BlackElo "1520"]
[PlyCount "81"]
[EventDate "2016.02.04"]
[EventType "swiss"]
[EventRounds "9"]
[EventCountry "ESP"]
[Source "lmi"]
[SourceDate "2016.02.04"]

1. d4 e6 2. Nf3 d5 3. g3 Nf6 4. Bg2 Be7 5. O-O O-O 6. e3 Nbd7 7. c4 c6 8. b3 b6
9. Bb2 Bb7 10. Nc3 dxc4 11. bxc4 Qc7 12. Rc1 Rfd8 13. e4 c5 14. d5 exd5 15.
exd5 a6 16. a4 Bd6 17. Qc2 Re8 18. Rfe1 Ne5 19. Nd2 Rad8 20. Nce4 Nxe4 21. Nxe4
Bc8 22. Qc3 f6 23. Nxd6 Qxd6 24. Rb1 Bf5 25. Rbd1 Nf7 26. Bc1 Qd7 27. Qb3 Qa7
28. Be3 Nd6 29. Ra1 Rb8 30. Bf4 Qd7 31. Rxe8+ Rxe8 32. Qxb6 Nxc4 33. Qxa6 Ne5
34. Bxe5 fxe5 35. Qc6 Qf7 36. Qxc5 Rc8 37. Qd6 e4 38. Qe5 Re8 39. Qd4 Qd7 40.
a5 Rd8 41. a6 1-0

[Event "Madrid-ch Previa B"]
[Site "Madrid ESP"]
[Date "2016.02.19"]
[Round "6.11"]
[White "Garcia Sanz, Eduardo"]
[Black "Garcia Pardo, Maria del Carmen"]
[Result "1/2-1/2"]
[WhiteElo "1847"]
[BlackElo "1429"]
[PlyCount "62"]
[EventDate "2016.02.04"]
[EventType "swiss"]
[EventRounds "9"]
[EventCountry "ESP"]
[Source "lmi"]
[SourceDate "2016.02.04"]

1. e4 e5 2. Nf3 Nc6 3. Nc3 Nf6 4. d4 exd4 5. Nd5 Nb4 6. Bc4 Nbxd5 7. exd5 Bb4+
8. Kf1 O-O 9. Qxd4 h6 10. c3 Ba5 11. d6 Bb6 12. dxc7 Qxc7 13. Bf4 Qc6 14. Qd3
Ng4 15. Nd4 Qf6 16. Qe4 d6 17. Bd3 g6 18. h3 Ne5 19. Bxh6 Bxd4 20. cxd4 Bf5 21.
dxe5 Bxe4 22. exf6 Bxd3+ 23. Kg1 Rfd8 24. Rd1 Bf5 25. f3 Rac8 26. g4 Be6 27. h4
Rc5 28. h5 gxh5 29. gxh5 Bxa2 30. Rh2 Kh7 31. Be3 Rf5 1/2-1/2

[Event "Madrid-ch Previa B"]
[Site "Madrid ESP"]
[Date "2016.02.19"]
[Round "6.13"]
[White "Canseco Arenas, Alfonso"]
[Black "Ochoa Gonzalez, Hugo"]
[Result "1/2-1/2"]
[WhiteElo "1697"]
[BlackElo "1346"]
[PlyCount "63"]
[EventDate "2016.02.04"]
[EventType "swiss"]
[EventRounds "9"]
[EventCountry "ESP"]
[Source "lmi"]
[SourceDate "2016.02.04"]

1. a3 e5 2. c4 Nc6 3. Nc3 d6 4. g3 g6 5. Bg2 f5 6. d3 h6 7. Nf3 Nf6 8. Rb1 Bg7
9. Nh4 Ne7 10. Bd2 O-O 11. b4 g5 12. Nf3 Rb8 13. b5 b6 14. O-O Qe8 15. h3 Qh5
16. Nh2 Bb7 17. e3 g4 18. Bxb7 Rxb7 19. h4 Ng6 20. Kh1 f4 21. e4 fxg3 22. fxg3
Nxh4 23. gxh4 Qxh4 24. Rg1 g3 25. Rg2 gxh2 26. Rxh2 Qg3 27. Qe2 Ng4 28. Rg2
Nf2+ 29. Kg1 Nh3+ 30. Kh1 Nf2+ 31. Kg1 Nh3+ 32. Kh1 1/2-1/2

[Event "Madrid-ch Previa B"]
[Site "Madrid ESP"]
[Date "2016.02.20"]
[Round "7.1"]
[White "San Vicente Cosculluela, Jose Luis"]
[Black "Ocaña Lameiro, Oliver"]
[Result "1/2-1/2"]
[WhiteElo "1812"]
[BlackElo "1932"]
[PlyCount "113"]
[EventDate "2016.02.04"]
[EventType "swiss"]
[EventRounds "9"]
[EventCountry "ESP"]
[Source "lmi"]
[SourceDate "2016.02.04"]

1. e4 c6 2. d4 d5 3. exd5 cxd5 4. Bd3 Nf6 5. c3 Nc6 6. Bf4 g6 7. Nf3 Bg7 8. O-O
O-O 9. Nbd2 Nh5 10. Bg5 f6 11. Bh4 Qb6 12. Qb3 Qxb3 13. Nxb3 e5 14. dxe5 fxe5
15. Bc2 e4 16. Nfd4 Nxd4 17. Nxd4 Bxd4 18. cxd4 Nf4 19. Bb3 Be6 20. Rfe1 Rac8
21. Bg3 Nd3 22. Rxe4 dxe4 23. Bxe6+ Kg7 24. Bxc8 Rxc8 25. h4 Kf6 26. d5 Nxb2
27. Re1 Kf5 28. d6 Nd3 29. Rb1 b6 30. Rb5+ Ke6 31. Kf1 Rc5 32. a4 Rxb5 33. axb5
Nc5 34. Ke2 Nb7 35. Ke3 Nxd6 36. Bxd6 Kxd6 37. Kxe4 Kc5 38. f4 Kxb5 39. g4 Kc6
40. f5 gxf5+ 41. Kxf5 a5 42. Ke5 Kc5 43. Ke4 Kc4 44. g5 a4 45. h5 a3 46. g6
hxg6 47. hxg6 a2 48. g7 a1=Q 49. g8=Q+ Kb4 50. Qf8+ Kb3 51. Qf7+ Kb4 52. Qe7+
Kb5 53. Qd7+ Ka6 54. Qc8+ Kb5 55. Qd7+ Ka6 56. Qc8+ Kb5 57. Qd7+ 1/2-1/2

[Event "Madrid-ch Previa B"]
[Site "Madrid ESP"]
[Date "2016.02.20"]
[Round "7.2"]
[White "Molina Garcia, Francisco J"]
[Black "Serrano Garcia, Vicente"]
[Result "1-0"]
[WhiteElo "1876"]
[BlackElo "1826"]
[PlyCount "59"]
[EventDate "2016.02.04"]
[EventType "swiss"]
[EventRounds "9"]
[EventCountry "ESP"]
[Source "lmi"]
[SourceDate "2016.02.04"]

1. d4 Nf6 2. c4 e5 3. dxe5 Ng4 4. Bf4 Nc6 5. Nf3 Bc5 6. e3 Bb4+ 7. Nbd2 Qe7 8.
a3 Bxd2+ 9. Qxd2 Ngxe5 10. Be2 d6 11. O-O Be6 12. Rac1 a5 13. Nd4 O-O 14. Nxe6
fxe6 15. b4 axb4 16. axb4 Ng6 17. Bg3 e5 18. Rfd1 Kh8 19. b5 Nd8 20. b6 Rf6 21.
h4 Nf8 22. h5 Rh6 23. bxc7 Qxc7 24. c5 Nf7 25. cxd6 Qxd6 26. Qxd6 Nxd6 27. Bxe5
Nf7 28. Ba1 Nd6 29. Rc7 b5 30. Bxg7+ 1-0

[Event "Madrid-ch Previa B"]
[Site "Madrid ESP"]
[Date "2016.02.20"]
[Round "7.3"]
[White "Yeves Miquel, Enrique"]
[Black "Cuellar Gutierrez, Raul"]
[Result "0-1"]
[WhiteElo "1836"]
[BlackElo "1797"]
[PlyCount "46"]
[EventDate "2016.02.04"]
[EventType "swiss"]
[EventRounds "9"]
[EventCountry "ESP"]
[Source "lmi"]
[SourceDate "2016.02.04"]

1. d4 Nf6 2. c4 g6 3. Nc3 Bg7 4. e4 d6 5. h3 O-O 6. Bg5 Bd7 7. Bd3 Qe8 8. Nge2
e5 9. d5 a5 10. Qd2 Na6 11. Bh6 Nc5 12. Bxg7 Nxd3+ 13. Qxd3 Kxg7 14. O-O Nh5
15. Ng3 Nf4 16. Qd2 Qe7 17. Nce2 Nxe2+ 18. Qxe2 f5 19. exf5 gxf5 20. f3 Kh8 21.
Kh2 Qh4 22. b3 Rg8 23. Qf2 Qf4 0-1

[Event "Madrid-ch Previa B"]
[Site "Madrid ESP"]
[Date "2016.02.20"]
[Round "7.4"]
[White "Camarero Izquierdo, Juan Carlos"]
[Black "Perea Blanco, David"]
[Result "1-0"]
[WhiteElo "1833"]
[BlackElo "1884"]
[PlyCount "87"]
[EventDate "2016.02.04"]
[EventType "swiss"]
[EventRounds "9"]
[EventCountry "ESP"]
[Source "lmi"]
[SourceDate "2016.02.04"]

1. d4 Nf6 2. Nc3 d5 3. Bg5 c6 4. Qd3 Qa5 5. f3 e6 6. Bxf6 gxf6 7. e4 Bb4 8.
Nge2 e5 9. O-O-O Be6 10. dxe5 fxe5 11. exd5 cxd5 12. Nxd5 Nc6 13. a3 Bf8 14.
Nf6+ Ke7 15. Ne4 Bh6+ 16. f4 Rad8 17. Qg3 Rxd1+ 18. Kxd1 Rd8+ 19. Kc1 exf4 20.
Qh4+ Kd7 21. N2c3 Bf8 22. Bb5 Kc8 23. Bxc6 bxc6 24. Rd1 Rxd1+ 25. Kxd1 Qf5 26.
Qf2 Kb7 27. Kc1 Qe5 28. Qh4 Kc8 29. Qxh7 f5 30. Ng5 Qe3+ 31. Kd1 Qg1+ 32. Kd2
Qxg2+ 33. Kd3 Qxg5 34. Qxa7 Qd8+ 35. Ke2 Bd6 36. Na4 Qc7 37. Qd4 Be5 38. Qc5
Qd6 39. Nb6+ Kd8 40. Qa5 Ke7 41. c4 Bd4 42. Qa7+ Kf6 43. Nd5+ Ke5 44. Qg7+ 1-0

[Event "Madrid-ch Previa B"]
[Site "Madrid ESP"]
[Date "2016.02.20"]
[Round "7.5"]
[White "Sotoca Aguado, Jose"]
[Black "Sirera Ripoll, Jose Luis"]
[Result "1/2-1/2"]
[WhiteElo "1928"]
[BlackElo "1807"]
[PlyCount "93"]
[EventDate "2016.02.04"]
[EventType "swiss"]
[EventRounds "9"]
[EventCountry "ESP"]
[Source "lmi"]
[SourceDate "2016.02.04"]

1. d4 Nf6 2. c4 g6 3. Nc3 d5 4. cxd5 Nxd5 5. e4 Nxc3 6. bxc3 Bg7 7. Bc4 c5 8.
Ne2 Nc6 9. Be3 Bd7 10. O-O cxd4 11. cxd4 O-O 12. Qd2 Na5 13. Bd3 Re8 14. Rac1
Rc8 15. Rxc8 Bxc8 16. Rc1 b6 17. f4 e6 18. Qc2 Bb7 19. Qc7 Qa8 20. Qc2 Rc8 21.
Qb1 Rxc1+ 22. Nxc1 Qd8 23. Ne2 Nc6 24. e5 Ne7 25. Be4 Bxe4 26. Qxe4 Qd5 27. Qc2
Qc6 28. Qxc6 Nxc6 29. Nc3 Nb4 30. Kf2 Nd5 31. Nxd5 exd5 32. g4 f6 33. Bd2 fxe5
34. dxe5 Kf7 35. Bc3 Ke6 36. Ke3 Bf8 37. h4 Ba3 38. Kf3 b5 39. Bd2 Be7 40. h5
b4 41. Ke3 a5 42. hxg6 hxg6 43. Kd4 Bd8 44. f5+ gxf5 45. gxf5+ Kxf5 46. Kxd5
Be7 47. Kc4 1/2-1/2

[Event "Madrid-ch Previa B"]
[Site "Madrid ESP"]
[Date "2016.02.20"]
[Round "7.6"]
[White "Cruz Gonzalez, Antonio"]
[Black "Tronch Ilzarbe, Carlos Maria"]
[Result "1-0"]
[WhiteElo "1709"]
[BlackElo "1744"]
[PlyCount "73"]
[EventDate "2016.02.04"]
[EventType "swiss"]
[EventRounds "9"]
[EventCountry "ESP"]
[Source "lmi"]
[SourceDate "2016.02.04"]

1. e4 c6 2. d4 d5 3. exd5 cxd5 4. Bd3 Nf6 5. Bf4 Nc6 6. c3 Bg4 7. Qb3 Qc8 8.
Nd2 e6 9. Ngf3 Be7 10. O-O O-O 11. Rfe1 Rd8 12. Rac1 Bd6 13. Bxd6 Rxd6 14. Ne5
Bh5 15. h3 a6 16. Qc2 Qc7 17. g4 Bg6 18. Nxg6 hxg6 19. Nf3 Re8 20. Ne5 Nd7 21.
f4 Ndxe5 22. fxe5 Rd7 23. Qf2 f5 24. exf6 Rf7 25. g5 gxf6 26. Bxg6 Rg7 27. Bxe8
Rxg5+ 28. Kh1 Rf5 29. Rg1+ Kf8 30. Qh4 Kxe8 31. Qh8+ Kd7 32. Rg7+ Ne7 33. Rcg1
Qf4 34. Rxe7+ Kxe7 35. Rg7+ Kd6 36. Qd8+ Kc6 37. Qc8+ 1-0

[Event "Madrid-ch Previa B"]
[Site "Madrid ESP"]
[Date "2016.02.20"]
[Round "7.7"]
[White "Tapia Sanchez, Jose Manuel"]
[Black "Leniz Martinez, Francisco"]
[Result "0-1"]
[WhiteElo "1699"]
[BlackElo "1690"]
[PlyCount "152"]
[EventDate "2016.02.04"]
[EventType "swiss"]
[EventRounds "9"]
[EventCountry "ESP"]
[Source "lmi"]
[SourceDate "2016.02.04"]

1. e4 c5 2. Nf3 e6 3. d4 cxd4 4. Nxd4 a6 5. c4 Qc7 6. Nc3 Nf6 7. Be2 Be7 8. Be3
d6 9. Qd2 Nbd7 10. O-O O-O 11. Rab1 b6 12. f3 Bb7 13. a3 Rfe8 14. b4 Ne5 15.
Qa2 d5 16. exd5 exd5 17. Nxd5 Nxd5 18. cxd5 Qd8 19. Nc6 Nxc6 20. dxc6 Bxc6 21.
Rfd1 Qb8 22. Bc4 Rf8 23. Qf2 b5 24. Bd5 Qb7 25. Bxc6 Qxc6 26. Rbc1 Qb7 27. Qg3
Rfc8 28. Bd4 Bf8 29. Qg4 Rc6 30. Rc5 Rg6 31. Rg5 Rxg5 32. Qxg5 Qd7 33. Rd2 Qe6
34. Qe3 Qxe3+ 35. Bxe3 g6 36. Rd7 Bg7 37. Bd4 Bxd4+ 38. Rxd4 Ra7 39. Rd5 Kg7
40. Kf2 Kf6 41. Ke3 Ke6 42. Kd4 Rc7 43. Rc5 Rd7+ 44. Ke4 Rd6 45. g4 Kd7 46. h4
f6 47. h5 Re6+ 48. Kd4 Re1 49. hxg6 hxg6 50. Rc3 Kd6 51. a4 Rb1 52. axb5 Rxb4+
53. Ke3 Rxb5 54. f4 a5 55. Ra3 Kc5 56. Ra4 Rb3+ 57. Kd2 Kb5 58. Rd4 Rb4 59.
Rd5+ Kc6 60. Rxa5 Rxf4 61. Ke3 g5 62. Ra6+ Kd7 63. Ra7+ Ke6 64. Ra6+ Kf7 65.
Ra1 Rxg4 66. Kf3 Rb4 67. Rg1 Kg6 68. Ke3 g4 69. Kf2 f5 70. Rd1 Kg5 71. Rd8 Kf4
72. Rg8 Rb2+ 73. Ke1 Kf3 74. Rf8 f4 75. Rf7 g3 76. Rg7 g2 0-1

[Event "Madrid-ch Previa B"]
[Site "Madrid ESP"]
[Date "2016.02.20"]
[Round "7.8"]
[White "Garcia Pardo, Maria del Carmen"]
[Black "Morera Rodriguez, Ignacio"]
[Result "0-1"]
[WhiteElo "1429"]
[BlackElo "1895"]
[PlyCount "114"]
[EventDate "2016.02.04"]
[EventType "swiss"]
[EventRounds "9"]
[EventCountry "ESP"]
[Source "lmi"]
[SourceDate "2016.02.04"]

1. e4 c5 2. Nf3 d6 3. d4 cxd4 4. Nxd4 Nf6 5. Nc3 a6 6. Be3 e5 7. Nb3 Be6 8. f3
b5 9. Qd2 Be7 10. O-O-O Nbd7 11. g4 Nb6 12. g5 Nfd7 13. Nd5 Bxd5 14. exd5 Rc8
15. Na5 Nb8 16. h4 Nxd5 17. Qxd5 Qxa5 18. Bh3 Rc7 19. Kb1 Nc6 20. Rd3 Qa4 21.
Ra3 Qxc2+ 22. Kxc2 Nb4+ 23. Kd2 Nxd5 24. Rxa6 O-O 25. Bf5 g6 26. Be4 Nb4 27.
Rb6 d5 28. Bb1 d4 29. Bf2 Rc5 30. Rc1 Rfc8 31. Rxc5 Rxc5 32. a3 Nd5 33. Rb8+
Kg7 34. Bd3 Nc7 35. Rb7 h6 36. f4 f6 37. Bxb5 hxg5 38. hxg5 Rxb5 39. Rxc7 Rxb2+
40. Ke1 Kf8 41. Rc8+ Kf7 42. gxf6 Bxf6 43. fxe5 Bxe5 44. Rd8 Ra2 45. Bxd4 Bxd4
46. Rxd4 Rxa3 47. Kf2 Kf6 48. Rd5 g5 49. Rd6+ Kf5 50. Rd5+ Kg4 51. Rd4+ Kh3 52.
Rd8 Ra2+ 53. Kg1 g4 54. Rh8+ Kg3 55. Rf8 Ra1+ 56. Rf1 Rxf1+ 57. Kxf1 Kh2 0-1

[Event "Madrid-ch Previa B"]
[Site "Madrid ESP"]
[Date "2016.02.20"]
[Round "7.10"]
[White "Fernandez Estremera, Fernando"]
[Black "Garcia Sanz, Eduardo"]
[Result "1-0"]
[WhiteElo "1589"]
[BlackElo "1847"]
[PlyCount "67"]
[EventDate "2016.02.04"]
[EventType "swiss"]
[EventRounds "9"]
[EventCountry "ESP"]
[Source "lmi"]
[SourceDate "2016.02.04"]

1. d4 d5 2. c4 e6 3. Nc3 c5 4. cxd5 exd5 5. dxc5 d4 6. Ne4 Bf5 7. Ng3 Be6 8. b4
b6 9. Ne4 bxc5 10. Nxc5 Bxc5 11. bxc5 Qa5+ 12. Qd2 Qxc5 13. Bb2 Nc6 14. Nf3 Rd8
15. Rc1 Qb6 16. Ba3 Nge7 17. Bc5 Qa6 18. Nxd4 Nxd4 19. Bxd4 Nf5 20. e4 Qa4 21.
exf5 Rxd4 22. Bb5+ Qxb5 23. Qxd4 Bxf5 24. Qxg7 Qb4+ 25. Qc3 Qe7+ 26. Qe3 Be6
27. O-O Rg8 28. Rb1 f6 29. Rb8+ Kf7 30. Rxg8 Kxg8 31. Re1 Kf7 32. Qd3 f5 33.
Qh3 Kg8 34. Qh6 1-0

[Event "Madrid-ch Previa B"]
[Site "Madrid ESP"]
[Date "2016.02.20"]
[Round "7.11"]
[White "Barragan Panal, Juan Jose"]
[Black "Barragan Arriaza, Pablo"]
[Result "0-1"]
[WhiteElo "1681"]
[BlackElo "1616"]
[PlyCount "126"]
[EventDate "2016.02.04"]
[EventType "swiss"]
[EventRounds "9"]
[EventCountry "ESP"]
[Source "lmi"]
[SourceDate "2016.02.04"]

1. d4 d5 2. c4 c6 3. Nf3 Nf6 4. cxd5 cxd5 5. g3 Nc6 6. Bg2 e6 7. O-O Bd6 8. Nc3
O-O 9. a3 Qe7 10. Qc2 h6 11. b4 Bd7 12. Bb2 Rac8 13. Qb1 a6 14. e4 dxe4 15.
Nxe4 Nxe4 16. Qxe4 Qd8 17. Ne5 Nxe5 18. dxe5 Bc6 19. Qe3 Bxg2 20. Kxg2 Bb8 21.
Rfd1 Qe7 22. Rac1 Rxc1 23. Rxc1 Qd7 24. Qc5 Rd8 25. a4 Kh7 26. b5 axb5 27. axb5
Qd5+ 28. Kh3 Qxc5 29. Rxc5 Rd2 30. Bc3 Rc2 31. Bd4 Rxc5 32. Bxc5 Bxe5 33. f4
Bc7 34. Kg4 Kg6 35. Kf3 Kf6 36. Ke4 Bd8 37. Bd6 Be7 38. Be5+ Kg6 39. Bd4 f6 40.
h3 Kf7 41. Be3 Bd6 42. g4 g6 43. f5 exf5+ 44. gxf5 g5 45. Kf3 h5 46. Bd4 Be5
47. Bc5 Ke8 48. Be3 Kd7 49. Bc5 Kc7 50. Be3 Kd6 51. Ke4 g4 52. hxg4 hxg4 53.
Bg1 g3 54. Be3 g2 55. Bg1 Bc3 56. Kf3 Ke5 57. Kxg2 Kxf5 58. Kf3 Ke5 59. Bf2 Kd5
60. Ba7 Bd4 61. Bb8 Kc5 62. Ba7+ b6 63. Ke4 Be5 0-1

[Event "Madrid-ch Previa B"]
[Site "Madrid ESP"]
[Date "2016.02.20"]
[Round "7.12"]
[White "Canseco Arenas, Alfonso"]
[Black "Caravantes Camacho, Fernando"]
[Result "0-1"]
[WhiteElo "1697"]
[BlackElo "1634"]
[PlyCount "102"]
[EventDate "2016.02.04"]
[EventType "swiss"]
[EventRounds "9"]
[EventCountry "ESP"]
[Source "lmi"]
[SourceDate "2016.02.04"]

1. a3 c5 2. Nf3 Nc6 3. c4 g6 4. Nc3 Bg7 5. g3 e6 6. Bg2 Nge7 7. O-O O-O 8. d3
a6 9. Bd2 d5 10. cxd5 Nxd5 11. Rb1 Nxc3 12. Bxc3 Bxc3 13. bxc3 Rb8 14. Nd2 Bd7
15. Nc4 b5 16. Ne3 Qa5 17. Qd2 Nd4 18. Qb2 Qxc3 19. Ng4 Qxb2 20. Rxb2 f6 21.
Rc1 h5 22. Ne3 b4 23. axb4 cxb4 24. Rc4 e5 25. Nd5 a5 26. Rc7 Bf5 27. Ne7+ Kh8
28. e4 Rf7 29. exf5 Nxf5 30. Nxg6+ Kg7 31. Rxf7+ Kxf7 32. Nh4 Ne7 33. Nf3 b3
34. Nd2 a4 35. Nc4 Ke6 36. Bf3 Nd5 37. Bxh5 Nb4 38. Be2 Kd5 39. Kf1 Kd4 40. Ke1
Kc3 41. Kd1 a3 42. Rb1 a2 43. Rc1+ Nc2 44. Ne3 a1=Q 45. Rxa1 Nxe3+ 46. fxe3 Kb2
47. Ra4 Rc8 48. Rc4 Ra8 49. Rc1 Ra1 50. Rxa1 Kxa1 51. d4 e4 0-1

[Event "Madrid-ch Previa B"]
[Site "Madrid ESP"]
[Date "2016.02.26"]
[Round "8.1"]
[White "San Vicente Cosculluela, Jose Luis"]
[Black "Molina Garcia, Francisco J"]
[Result "0-1"]
[WhiteElo "1812"]
[BlackElo "1876"]
[PlyCount "54"]
[EventDate "2016.02.04"]
[EventType "swiss"]
[EventRounds "9"]
[EventCountry "ESP"]
[Source "lmi"]
[SourceDate "2016.02.04"]

1. e4 e6 2. d3 d5 3. Nd2 Nf6 4. g3 Nc6 5. Bg2 dxe4 6. dxe4 e5 7. Ngf3 Bc5 8.
O-O O-O 9. Qe2 Qe7 10. Nb3 Bb6 11. Be3 Be6 12. c3 Nd7 13. Nh4 g6 14. Bh6 Rfd8
15. Nf3 f6 16. h4 a5 17. Kh2 a4 18. Nbd2 Qf7 19. Bh3 Bxa2 20. g4 Be6 21. g5
Bxh3 22. Kxh3 f5 23. exf5 Qxf5+ 24. Kg2 Nc5 25. Nh2 Nd3 26. Kg1 Nf4 27. Qc4+
Kh8 0-1

[Event "Madrid-ch Previa B"]
[Site "Madrid ESP"]
[Date "2016.02.26"]
[Round "8.2"]
[White "Ocaña Lameiro, Oliver"]
[Black "Cuellar Gutierrez, Raul"]
[Result "1-0"]
[WhiteElo "1932"]
[BlackElo "1797"]
[PlyCount "89"]
[EventDate "2016.02.04"]
[EventType "swiss"]
[EventRounds "9"]
[EventCountry "ESP"]
[Source "lmi"]
[SourceDate "2016.02.04"]

1. e4 e6 2. g3 d5 3. Bg2 dxe4 4. Bxe4 Nf6 5. Bg2 Nc6 6. Ne2 Bd7 7. d4 g6 8. O-O
Bg7 9. Nd2 Qe7 10. a4 O-O 11. b3 Rfe8 12. Ba3 Qd8 13. Nc4 Rb8 14. Qd2 a6 15. a5
Bc8 16. Rad1 Na7 17. Ne5 Nb5 18. Bb2 Qe7 19. c4 Nd6 20. Nc3 Rd8 21. Rfe1 Nf5
22. Na4 Nd7 23. Nf3 b6 24. Qf4 Qd6 25. Qxd6 Nxd6 26. axb6 cxb6 27. Ba3 Bf8 28.
Ne5 Bb7 29. Nxd7 Rxd7 30. Nxb6 Rdd8 31. Bxb7 Rxb7 32. Bc5 Nc8 33. Nxc8 Rxc8 34.
Bxf8 Kxf8 35. Re3 Rcb8 36. Rdd3 Rb4 37. Rc3 a5 38. Red3 a4 39. bxa4 Rxa4 40. d5
Rc8 41. d6 Rd8 42. c5 Ke8 43. c6 Raa8 44. c7 Rd7 45. c8=Q+ 1-0